Elenca la formazione - Quiz n°282 - Statistics

Statistiche generali
  • Questo quiz è stato fatto 22 volte
  • Il punteggio medio è 5 su 11
Statistiche sulle risposte
Ruolo Club dell'epoca Calciatore % Corretto
Portiere Manchester United Edwin van der Sar
95%
Ala Liverpool Dirk Kuyt
73%
Attaccante Real Madrid Ruud van Nistelrooy
73%
Ala Real Madrid Wesley Sneijder
59%
Difensore Feyenoord Giovanni van Bronckhorst
50%
Centrocampista Amburgo Nigel de Jong
41%
Trequartista Amburgo Rafael van der Vaart
36%
Difensore Amburgo Joris Mathijsen
27%
Difensore Blackburn Rovers André Ooijer
5%
Difensore Siviglia Khalid Boulahrouz
5%
Centrocampista Twente Orlando Engelaar
0%
Nessun quiz corrispondente trovato
Distribuzione punteggi
Percentuale di utenti per punteggio
Percentile per numero di risposta
I tuoi punteggi nel tempo
Non hai fatto questo quiz